Statistieken voor Moderne Landen van het Khmer-Rijk

Klik hier om de quiz te nemen!

Algemene statistieken

  • Deze quiz is 830 keer genomen
  • De gemiddelde score is 6 van 6

Antwoorden op de kaart

Antwoorden kleurgecodeerd door een groen-rode schaal op de quizkaart volgens % correct hieronder.
 

Antwoordstatistieken

Land% Correct
Thailand
99%
Laos
98%
Vietnam
98%
Cambodja
94%
Myanmar
94%
China
89%

Scoreverdeling

Percentiel versus Aantal Correcte Antwoorden

Procent van Mensen met Elke Score

Uw Scoregeschiedenis

U heeft deze quiz nog niet genomen